000 00755cam3a220024100 4500
001 tmp15800639
003 UPRA
005 20190826102832.0
008 951102s1970 ne eng u
035 _a(Sirsi) r45276
035 _a(UPRA)tmp15800639
040 _cUPRA
100 1 _aBuringh, P.
_6A2945.1
245 1 0 _aIntroduction to the study of soils in tropical and subtropical regions.
250 _a2nd ed.
260 _aWageningen :
_bCentre for Agricultural Pub. and Documentation,
_c1970.
504 _aIncludes bibliographical references.
650 0 _aSoil science.
_6S2079.1
650 0 _aSoils -- Tropics.
_zSoils -- Tropics.
_6S2080.1
949 _aS591
_wlcc
_i-56563
_mMAIN
_tBOOK
_lON-SHELF
004 45276
987 _aWITHDRAWN.
999 _c164931
_d164931